00393pab a2200133 454500008004000000100001700040245011200057260000900169300001300178362000800191650001400199700001800213773002800231180718b2010 xxu||||| |||| 00| 0 eng d aLee, Yeon-Ok aThe reconfiguration of is e-campaign practices in Korea: a case study of the presidential primaries of 2007 c2010 ap.29-53. aJan aElections aPark, Han Woo aInternational Sociology